|
|
แสดงรายละเอียดบรรณานุกรม |
|
|
Brief Record
: Get Marc (ISO 2709)
: E-mail record
: |
|
|
| LEADER 00000nama 2200000uu 4500 | |||
| 008 040531s|||| th m m a000 0 tha d | |||
| 020 9780803615762 | |||
| 041 eng | |||
| 050 WY100 C683N 2007 | |||
| 100 Colgrove cadenhead kathryn. | |||
| 245 Med-Surg Success : A Course Review Applying Critical Thinking to test Taking/Kathryn Cadenhead colgrove ; Judy Callicoatt. | |||
| 260 2007. F.A.Davis company. Ameria. | |||
| 300 670 p. | |||
| 600 I.callicoatt,Judy. | |||
| 995 001 | |||
| คุณยังไม่ได้ล็อกอิน คุณสามารถมีกิจกรรมร่วมกับเว็บไซต์ได้ แต่ต้องล็อกอินก่อน :: |
|
| สถานะ | |||||||||
| 1. | หนังสือทั่วไป | WY100 C683N 2007 | On Shelf ขอยืม | ||||||
| 2. | หนังสือทั่วไป | WY100 C683N 2007 | On Shelf ขอยืม | ||||||
| 3. | หนังสือทั่วไป | WY100 C683N 2007 | On Shelf ขอยืม | ||||||
| 4. | หนังสือทั่วไป | WY100 C683N 2007 | On Shelf ขอยืม | ||||||
| 5. | หนังสือทั่วไป | WY100 C683N 2007 | On Shelf ขอยืม | ||||||
| [แสดง 5/5 รายการ] | |||||||||
BibComment |
| คอมเมนท์ทรัพยากรรายการนี้ |
|
|